000 00541nam a2200181 i 4500
001 bg
100 1 _aRACKE, Kenneth D.
245 0 _aEnvironmental fate of Chlorpyrifos /
_cKenneth D. Racke.
260 _aNew York :
_bSpringer,
_c1993.
490 1 _aReviews of environmental contamination and toxicology ;
_vVol.131
650 9 _aEkologia
830 _aReviews of environmental contamination and toxicology ;
040 _cBPK
041 _apol
080 _a574:615.9:504
942 _cKS
008 s pl f |000 0 pol
999 _c29828
_d29828
856 _uhttp://koha.tu.koszalin.pl/cgi-bin/koha/opac-detail.pl?biblionumber=29828
_yKatalog online BPK